101 câu hỏi thường gặp trong nông nghiệp

Sách trình bày môi trường nuôi tôm sú, kỹ thuật nuôi và chăm sóc, các loại bệnh và cách phòng trị.

Gespeichert in:
Bibliographische Detailangaben
1. Verfasser: Trần, Văn Hòa
Format: Buch
Sprache:Undetermined
Veröffentlicht: Thành phố Hồ Chí Minh Trẻ 2001
Schlagworte:
Tags: Tag hinzufügen
Keine Tags, Fügen Sie den ersten Tag hinzu!
Thư viện lưu trữ: Trung tâm Học liệu Trường Đại học Cần Thơ
LEADER 00809nam a2200193Ia 4500
001 CTU_42920
008 210402s9999 xx 000 0 und d
082 |a 630 
082 |b H401/T.10 
100 |a Trần, Văn Hòa 
245 0 |a 101 câu hỏi thường gặp trong nông nghiệp 
245 0 |c Trần Văn Hòa, Trần Văn Đởm, Đặng Văn Khiêm chủ biên 
260 |a Thành phố Hồ Chí Minh 
260 |b Trẻ 
260 |c 2001 
520 |a Sách trình bày môi trường nuôi tôm sú, kỹ thuật nuôi và chăm sóc, các loại bệnh và cách phòng trị. 
650 |a Shrimps 
904 |i Minh, Hải sửa số pl 630/K600/T.10 thành 630/H401/T.10 
980 |a Trung tâm Học liệu Trường Đại học Cần Thơ